LEADER 03507oam 22007934a 450 001 9911072412803321 005 20210209184725.0 010 $a9782760520936 010 $a2760520935 010 $a9781435683020 010 $a1435683021 035 $a(CKB)1000000000576652 035 $a(EBL)600164 035 $a(OCoLC)682540341 035 $a(SSID)ssj0000734848 035 $a(PQKBManifestationID)11469711 035 $a(PQKBTitleCode)TC0000734848 035 $a(PQKBWorkID)10742998 035 $a(PQKB)11469843 035 $a(CaBNvSL)thg00603932 035 $a(MiAaPQ)EBC3257533 035 $a(OCoLC)417071359 035 $a(MdBmJHUP)muse20470 035 $a(MiAaPQ)EBC600164 035 $a(Au-PeEL)EBL600164 035 $a(CaPaEBR)ebr11337493 035 $a(CaONFJC)MIL935734 035 $a(PPN)170273318 035 $a(FR-PaCSA)88801115 035 $a(VaAlCD)20.500.12592/rg66gk 035 $a(schport)gibson_crkn/2009-12-01/7/422413 035 $a(FRCYB88801115)88801115 035 $a(Perlego)2705935 035 $a(EXLCZ)991000000000576652 100 $a19930809d1993 uy 0 101 0 $afre 135 $aur|n|---||||| 181 $ctxt 182 $cc 183 $acr 200 12$aL'enseignement et l'hémisphère cérébral droit /$fRachel Desrosiers-Sabbath 205 $a1st ed. 210 $aSainte-Foy [Que.] $cPresses de l'Universite? du Que?bec$d1993 215 $a1 online resource (246 p.) 300 $a"La publication du present ouvrage a ete rendue possible gra?ce a? l'aide financiere du Comite des publications de l'Universite du Quebec a? Montreal, du Programme d'aide a? l'edition savante de la Federation canadienne des sciences scoiales et du Conseil d'administration de la Federation des ecoles normales"--p. [xi]. 311 08$a9782760507241 311 08$a2760507246 320 $aIncludes bibliographical references (p. [211]-219). 327 $aL'ENSEIGNEMENT ET L'HE?MISPHE?RE CE?RE?BRAL DROIT; Remerciements; Table des matie?res; Pre?face; Avant-propos; Chapitre 1_incidences pe?dagogiques des de?couvertes sur le fonctionnement ce?re?bral; Chapitre 2_strate?gies pour activer l'he?misphe?re ce?re?bral droit; Chapitre 3_objectivation the?orique des strate?gies d'enseignement; Chapitre 4_mode?le d'enseignement adapte? aux deux he?misphe?re ce?re?braux; Chapitre 5_pe?dagogie et croissance personnelle; Chapitre 6_mode?les gestaltistes; Chapitre 7_autodiscipline et re?ussite scolaire; Conclusion; Bibliographie; Liste des activite?s 330 $aDans une perspective globale, favorisant le de?veloppement de chaque e?le?ve, l'auteure insiste sur la ne?cessite? d'adopter une pratique pe?dagogique qui stimule e?galement l'imagination, l'intuition, la cre?ativite? et l'e?motion de l'enfant. 606 $aSelf-realization 606 $aNeuropsychology 606 $aEducation, Humanistic 606 $aCreative ability 606 $aGlobal method of teaching 608 $aElectronic books. 615 0$aSelf-realization. 615 0$aNeuropsychology. 615 0$aEducation, Humanistic. 615 0$aCreative ability. 615 0$aGlobal method of teaching. 676 $a371.39 700 $aDesrosiers-Sabbath$b Rachel$f1929-$01899400 801 0$bMdBmJHUP 801 1$bMdBmJHUP 906 $aBOOK 912 $a9911072412803321 996 $aL'enseignement et l'hémisphère cérébral droit$94559082 997 $aUNINA